| 000 | 01233nam a2200337 i 4500 | ||
|---|---|---|---|
| 003 | DO-SdBNP | ||
| 005 | 20260321073645.0 | ||
| 007 | ta | ||
| 008 | 091019s2009 mx r 000 0 spa d | ||
| 040 |
_aDO-SdBNP _bspa _cBNPHU _erda |
||
| 082 | 4 |
_a808.3 _bB742a, 2009 _222 |
|
| 100 | 1 |
_a Bosch, Juan, _d1909-2001 _976555 |
|
| 245 | 1 | 0 |
_aApuntes sobre el arte de escribir cuentos / _cJuan Bosch ; presentación Sealtiel Alatriste |
| 264 |
_aMéxico, D. F. : _bUniversidad Nacional Autónoma de México. Dirección General de Publicaciones y Fomento, _c2009. |
||
| 300 |
_a53, [3] páginas ; _c15 cm. |
||
| 336 |
_2rdacontent _atexto _btxt |
||
| 337 |
_2rdamedia _asin mediación _bn |
||
| 338 |
_ardacarrier _bvolumen _0nc |
||
| 490 | _aPequeños grandes ensayos | ||
| 504 | _aBibliografía : p. 56 | ||
| 590 | _aInventariado, 2022/ YL | ||
| 650 | 4 |
_982713 _xTécnica |
|
| 650 | 4 |
_aCreación literaria, artística, etc. _927175 |
|
| 650 | 4 |
_aArte de escribir _912162 |
|
| 650 | 4 |
_aEstilo literario _95690 |
|
| 650 | 0 |
_aLiteratura dominicana. _967 |
|
| 650 | 4 |
_aCuentos dominicanos _927176 |
|
| 700 | 1 |
_aAlatriste, Sealtiel, _epresentación _964613 |
|
| 910 | _aYLockward/Validado. Control de calidad MFF | ||
| 942 |
_2ddc _cLBS1 |
||
| 999 |
_c52769 _d52769 |
||